| 000 | 00777nas a2200241 4500 | ||
|---|---|---|---|
| 001 | BR2012007584 | ||
| 003 | BR-BrBNA | ||
| 005 | 20231205121247.0 | ||
| 007 | ta | ||
| 008 | 230509b bl.|||p| |||| 00| 00por d | ||
| 040 |
_aBR-BrBNA _bpor _cBiblioteca Nacional de Agricultura |
||
| 041 | _a(Pt) | ||
| 072 | _aT01 | ||
| 100 | 1 | _aPerovano Filho, N. | |
| 100 | 1 | _aSilva, F.S. da | |
| 100 | 1 | _aLópez, A.M.Q. | |
| 245 | 1 | _aAção de micoflora de efluentes agroindustriais sobre diferentes corantes e substratos lignocelulósicos | |
| 650 | _aMICOLOGIA | ||
| 650 | _aFUNGO | ||
| 773 | 0 |
_tActa Scientiarum. Biological Sciences (Brazil) _xISSN 1679-9283 _g(Oct-Dec 2011), v. 33(4) p. 393-397 _wBR2012007584 |
|
| 909 |
_a202311 _bLúcia _c55 _dLúcia Elande |
||
| 942 |
_2AGRIS _n0 _cANA |
||
| 999 |
_c222611 _d222611 |
||